Central Library OPAC University of Rajshahi

The Politics of industrial recruitment : (Record no. 59322)

MARC details
000 -LEADER
fixed length control field 01037nam a2200265 a 4500
001 - CONTROL NUMBER
control field 59322
003 - CONTROL NUMBER IDENTIFIER
rucl marc code BD-RjUL
005 - DATE AND TIME OF LATEST TRANSACTION
control field 20211209080722.0
008 - FIXED-LENGTH DATA ELEMENTS--GENERAL INFORMATION
fixed length control field 161222s1990 nyu||||| |||| 001 0 eng d
020 ## - INTERNATIONAL STANDARD BOOK NUMBER
International Standard Book Number 0313263590
035 ## - SYSTEM CONTROL NUMBER
System control number (BD-RjUL)59446
040 ## - CATALOGING SOURCE
Original cataloging agency BD-RjUL
Language of cataloging eng
Transcribing agency BD-RjUL
Modifying agency BD-RjUL
041 ## - LANGUAGE CODE
Language code of text/sound track or separate title eng
082 ## - DEWEY DECIMAL CLASSIFICATION NUMBER
Edition number 23
Classification number 338.7629222
Author mark and year POL 1990
245 00 - TITLE STATEMENT
Title The Politics of industrial recruitment :
Remainder of title Japanese automobile investment and economic development in the American states /
Statement of responsibility, etc. Ernest J. Yanarella and William C. Green
260 ## - PUBLICATION, DISTRIBUTION, ETC. (IMPRINT)
Place of publication, distribution, etc. New York :
Name of publisher, distributor, etc. Greenwood Press,
Date of publication, distribution, etc. 1990.
300 ## - PHYSICAL DESCRIPTION
Pagination xx,221 p. :
Illustrations ill. ;
Size 23 cm.
490 ## - SERIES STATEMENT
Series statement Contributions in economics and economic history, no. 104.
504 ## - BIBLIOGRAPHY, ETC. NOTE
Bibliography, etc Includes index and bibliography
650 ## - SUBJECT ADDED ENTRY--TOPICAL TERM
Topical term or geographic name as entry element Automobile industry and trade
9 (RLIN) 176446
General subdivision Foreign ownership
-- Case studies.
Geographic subdivision United States
700 ## - ADDED ENTRY--PERSONAL NAME
Personal name Yanarella, Ernest J.
Personal name Green,William C
856 ## - ELECTRONIC LOCATION AND ACCESS
Uniform Resource Identifier <a href="Contributions in economics and economic history, no. 104. ">Contributions in economics and economic history, no. 104. </a>
942 ## - ADDED ENTRY ELEMENTS (KOHA)
Source of classification or shelving scheme Dewey Decimal Classification
Koha item type Books
Holdings
Lost status Source of classification or shelving scheme Damaged status Not for loan Collection code Permanent Location Current Location Shelving location Date acquired Source of acquisition Total Checkouts Full call number Date last seen Copy number Koha item type
  Dewey Decimal Classification   Not For Loan Non-fiction Central Library, University of Rajshahi Central Library, University of Rajshahi Reading Room 03/06/1996 Asia foundation   338.7629222 POL 1990 22/12/2016 C-1 Books